000 00585nam a2200229Ia 4500
003 OSt
005 20230323153304.0
008 210423s2007 xx 000 0 und d
020 _a195685717
040 _cAL
041 _aeng
082 _a338.5
_223
_bMASA
100 _aMAS-COLELL (Andreu);others
_977069
245 _aMicroeconomic theory
260 _aNew Delhi
_bOxford University Press
_c2007
300 _axvii,981
_bPB
365 _b495
_cINR
650 _aEconomics
_977070
650 _aMicroeconomics
_977071
906 _aMicroeconomic ; theory
942 _2ddc
_cBK
999 _c155707
_d155707